Mine Production of Magnesite by Country - Statistics

General Stats
  • This quiz has been taken 18 times
  • The average score is 10 of 11
Answer Stats
in 1000 tons Region Country % Correct
300 Oceania Australia
100%
1.700 South America Brazil
100%
19.000 Eastern Asia China
100%
1.500 Asia & Europe Russia
100%
2.000 Asia & Europe Turkey
100%
740 Central Europe Austria
92%
470 Southern Europe Greece
92%
140 Southern Asia India
92%
580 Southern Europe Spain
92%
50 Eastern Asia North Korea
75%
500 Central Europe Slovakia
75%
No matching quizzes found
Score Distribution
Percent of People with Each Score
Percentile by Number Answered
Your Score History
You have not taken this quiz